Năng lượng sinh học

Saved in:
Bibliographic Details
Main Author: Nguyễn, Quốc Khang
Format: Book
Language:Undetermined
Published: Hà Nội Khoa học Kỹ thuật 2002
Subjects:
Tags: Add Tag
No Tags, Be the first to tag this record!
Institutions: Trung tâm Học liệu Trường Đại học Cần Thơ
LEADER 00533nam a2200193Ia 4500
001 CTU_63302
008 210402s9999 xx 000 0 und d
020 |b 31000 
082 |a 572.43 
082 |b Kh106 
100 |a Nguyễn, Quốc Khang 
245 0 |a Năng lượng sinh học 
245 0 |c Nguyễn Quốc Khang 
260 |a Hà Nội 
260 |b Khoa học Kỹ thuật 
260 |c 2002 
650 |a Energy metabolism 
904 |i Mai Loan 
980 |a Trung tâm Học liệu Trường Đại học Cần Thơ